000
00219nam a2200097Ia 4500
008
120527s9999 xx 000 0 und d
100
_a
TOCCI,J
245
_a
Digital Systems 8th edition
260
_b
Pearson
942
_c
BK
999
_c
25209
_d
25209